Manual de redacción ciberperiodística
Պահպանված է:
| Հիմնական հեղինակներ: | , |
|---|---|
| Ձևաչափ: | Գիրք |
| Լեզու: | իսպաներեն |
| Հրապարակվել է: |
Barcelona
Ariel
2003
|
| Հրատարակություն: | 1a. ed |
| Շարք: | Ariel Comunicación
|
| Խորագրեր: | |
| Ցուցիչներ: |
Ավելացրեք ցուցիչ
Չկան պիտակներ, Եղեք առաջինը, ով նշում է այս գրառումը!
|
MARC
| LEADER | 00000nam a2200000 a 4500 | ||
|---|---|---|---|
| 001 | UCL9911 | ||
| 003 | CL-VaPUC | ||
| 008 | 040903e20030000SP |||||||||||||||||spa|d | ||
| 020 | |a 8434412977 | ||
| 082 | 0 | 4 | |a 070.4 |b DIA |2 21 |
| 100 | 0 | |a Díaz Noci, Javier |e author |9 487823 | |
| 700 | 0 | |a Salaverría, Ramón |e author |9 487824 | |
| 245 | 1 | 0 | |a Manual de redacción ciberperiodística |
| 250 | |a 1a. ed | ||
| 300 | |a 589 p | ||
| 942 | |c BK | ||
| 945 | |d 20040903 00:00:00 |a cmena | ||
| 260 | |a Barcelona |b Ariel |c 2003 | ||
| 650 | 0 | |a Periodismo |9 310113 | |
| 650 | 0 | |a Medios de comunicación de masas |9 257273 | |
| 650 | 0 | |a Comunicación digital |9 260754 | |
| 650 | 0 | |a Redacción técnica |9 259855 | |
| 650 | 0 | |a Internet |9 254823 | |
| 583 | |a last modification |c 20040903 00:00:00 |k Rodrigo Vera | ||
| 490 | 0 | |a Ariel Comunicación | |
| 999 | |c 310527 |d 310525 | ||
| 952 | |0 0 |1 0 |4 0 |6 070_400000000000000_DIA_2003 |7 0 |8 A |9 379102 |a BIBCUR |b BIBCUR |d 2019-11-21 |i 4051297 |l 1 |o 070.4 DIA 2003 |p 4051297 |r 2025-04-22 |s 2023-06-12 |w 2019-11-21 |y BK |k PER | ||